[Event "33rd Leon Blitz Open 2020"]
[Site "chess.com INT"]
[Date "2020.07.14"]
[Round "7"]
[White "Aslanov, Umid"]
[Black "Titichoca Daza, Daniel"]
[Result "1-0"]
[WhiteTitle "CM"]
[BlackTitle "CM"]
[WhiteElo "2019"]
[BlackElo "2090"]
[WhiteFideId "13412620"]
[BlackFideId "3309550"]
[EventDate "2020.07.14"]
[EventType "blitz"]

1. e4 Nf6 2. e5 Nd5 3. d4 Nb6 4. c4 d6 5. exd6 cxd6 6. Nc3 g6 7. Be3 Bg7 8. Rc1
O-O 9. b3 e5 10. Nf3 Nc6 11. Be2 Bg4 12. d5 Bxf3 13. Bxf3 Nd4 14. O-O Nxf3+ 15.
Qxf3 f5 16. c5 dxc5 17. Bxc5 Rf7 18. Bxb6 Qc7 19. Bxc7 Rxc7 20. d6 Rd7 21. Qd5+
Kh8 22. Nb5 e4 23. Rc7 Rad8 24. Rxd7 Rxd7 25. Qe6 1-0

[Event "33rd Leon Blitz Open 2020"]
[Site "chess.com INT"]
[Date "2020.07.14"]
[Round "7"]
[White "Leve, Nitai"]
[Black "Priyanka, K"]
[Result "1-0"]
[BlackTitle "WIM"]
[WhiteElo "2128"]
[BlackElo "2218"]
[WhiteFideId "2006898"]
[BlackFideId "5082986"]
[EventDate "2020.07.14"]
[EventType "blitz"]

1. e4 c5 2. Nf3 d6 3. d4 cxd4 4. Qxd4 a6 5. c4 e5 6. Qe3 Nf6 7. h3 Be6 8. Be2
Qc7 9. b3 Nbd7 10. O-O Be7 11. Rd1 O-O 12. Ba3 Nc5 13. Nc3 Rac8 14. Rac1 Qc6 15.
Nd5 Bxd5 16. cxd5 Qb6 17. Bxc5 Rxc5 18. Rxc5 Qxc5 19. Qxc5 dxc5 20. d6 Bd8 21.
Nxe5 Nxe4 22. Bf3 Nc3 23. Re1 Bf6 24. Bxb7 Bxe5 25. Rxe5 Rd8 26. d7 Kf8 27. Bc6 1-0

[Event "33rd Leon Blitz Open 2020"]
[Site "chess.com INT"]
[Date "2020.07.14"]
[Round "7"]
[White "Sengupta, Deep"]
[Black "Schut, Han"]
[Result "1-0"]
[WhiteTitle "GM"]
[WhiteElo "2527"]
[BlackElo "2101"]
[WhiteFideId "5008352"]
[BlackFideId "1005561"]
[EventDate "2020.07.14"]
[EventType "blitz"]

1. d4 Nf6 2. c4 g6 3. Nc3 d5 4. cxd5 Nxd5 5. e4 Nxc3 6. bxc3 Bg7 7. Nf3 c5 8.
Be3 Qa5 9. Qd2 Nc6 10. Rb1 cxd4 11. cxd4 Qxd2+ 12. Kxd2 O-O 13. Bd3 e6 14. Rhc1
Rd8 15. Rc4 Na5 16. Rc5 b6 17. Rc7 Rd7 18. Rbc1 Rxc7 19. Rxc7 Bf8 20. e5 h6 21.
Be4 Rb8 22. Rxa7 Nc4+ 23. Kd3 Nxe3 24. fxe3 b5 25. Nd2 b4 26. Nb3 Kg7 27. Kc4
Rb6 28. Nc5 Bxc5 29. dxc5 1-0

[Event "33rd Leon Blitz Open 2020"]
[Site "chess.com INT"]
[Date "2020.07.14"]
[Round "7"]
[White "Vlassov, Nikolai"]
[Black "Tarini, Goyal"]
[Result "1-0"]
[WhiteTitle "IM"]
[BlackTitle "WFM"]
[WhiteElo "2352"]
[BlackElo "2164"]
[WhiteFideId "4103360"]
[BlackFideId "5082749"]
[EventDate "2020.07.14"]
[EventType "blitz"]

1. e4 c6 2. d4 d5 3. e5 Bf5 4. Nc3 e6 5. g4 Bg6 6. Nge2 c5 7. Be3 Nc6 8. dxc5
Nxe5 9. Nf4 Qa5 10. Qe2 a6 11. Nxd5 exd5 12. Bd4 O-O-O 13. Qxe5 Bxc2 14. Bg2 Bd3
15. O-O-O Bc4 16. g5 Ne7 17. Bh3+ Rd7 18. Bxd7+ Kxd7 19. Rhe1 Nc6 20. Qf5+ Kc7
21. Qxf7+ Kb8 22. Re8+ Ka7 23. Rxf8 Rxf8 24. Qxf8 Bxa2 25. Qxg7 Bb3 26. Rd3 Nb4
27. c6+ Ka8 28. Qxb7# 1-0

[Event "33rd Leon Blitz Open 2020"]
[Site "chess.com INT"]
[Date "2020.07.14"]
[Round "7"]
[White "Sevian, Samuel"]
[Black "Abdusattorov, Nodirbek"]
[Result "1-0"]
[WhiteTitle "GM"]
[BlackTitle "GM"]
[WhiteElo "2660"]
[BlackElo "2627"]
[WhiteFideId "2040506"]
[BlackFideId "14204118"]
[EventDate "2020.07.14"]
[EventType "blitz"]

1. e4 c5 2. Nf3 d6 3. d4 cxd4 4. Nxd4 Nf6 5. Nc3 a6 6. Bc4 e6 7. Bb3 Nbd7 8. g4
Nc5 9. Qe2 Nfd7 10. a4 b6 11. Be3 Bb7 12. f3 Rc8 13. O-O-O Be7 14. Kb1 Qc7 15.
h4 Ne5 16. g5 Nc6 17. h5 Nxd4 18. Bxd4 Bxg5 19. Bxg7 Rg8 20. h6 Bf4 21. Rhg1 Ke7
22. Rg4 Be5 23. Rdg1 Nxb3 24. cxb3 Rgd8 25. f4 Bxc3 26. Bxc3 Qc5 27. Rg7 Rf8 28.
R1g5 Qc6 29. Rd5 Kd7 30. Rd4 a5 31. Ka2 Ke7 32. Rxh7 Rh8 33. Rxh8 Rxh8 34. Rc4 1-0

[Event "33rd Leon Blitz Open 2020"]
[Site "chess.com INT"]
[Date "2020.07.14"]
[Round "7"]
[White "Schitco, Ivan"]
[Black "Hoang, Thi Bao Tram"]
[Result "1-0"]
[WhiteTitle "IM"]
[BlackTitle "WGM"]
[WhiteElo "2467"]
[BlackElo "2288"]
[WhiteFideId "13905465"]
[BlackFideId "12401102"]
[EventDate "2020.07.14"]
[EventType "blitz"]

1. e4 c6 2. Nc3 d5 3. Nf3 Bg4 4. h3 Bxf3 5. Qxf3 Nf6 6. Be2 Nbd7 7. O-O e6 8. d4
dxe4 9. Nxe4 Nxe4 10. Qxe4 Nf6 11. Qd3 Be7 12. a4 O-O 13. a5 a6 14. c3 h6 15.
Qg3 Kh8 16. Bd3 Bd6 17. Qf3 Bc7 18. Re1 Qd5 19. Qxd5 Nxd5 20. g3 Rad8 21. Bc2
Rfe8 22. Kg2 e5 23. dxe5 Bxe5 24. Ra4 Bc7 25. Rxe8+ Rxe8 26. Be4 Nf6 27. Bf3 Re1
28. Be3 Rb1 29. Rb4 Bxa5 30. Rxb7 Bxc3 31. Rxf7 Rxb2 32. Bxc6 a5 33. Ra7 Kh7 34.
g4 Kg6 35. Kf3 Rc2 36. h4 Be1 37. Ra6 Bd2 38. Be4+ 1-0

[Event "33rd Leon Blitz Open 2020"]
[Site "chess.com INT"]
[Date "2020.07.14"]
[Round "7"]
[White "Matveev, Vladimir3"]
[Black "Trickov, Vasil"]
[Result "0-1"]
[WhiteTitle "FM"]
[BlackTitle "IM"]
[WhiteElo "2368"]
[BlackElo "2302"]
[WhiteFideId "24130753"]
[BlackFideId "311103"]
[EventDate "2020.07.14"]
[EventType "blitz"]

1. d4 d5 2. c4 c6 3. Nf3 Nf6 4. Qc2 g6 5. Bf4 Bg7 6. e3 Bf5 7. Qb3 Qb6 8. h3
Nbd7 9. Nbd2 h6 10. c5 Qxb3 11. axb3 g5 12. Bh2 Ne4 13. b4 Nxd2 14. Kxd2 O-O 15.
b5 Rfe8 16. bxc6 bxc6 17. Ra6 Rac8 18. Rxa7 e5 19. g4 Be4 20. Rxd7 Bxf3 21. Rg1
exd4 22. b4 Ra8 23. Bg2 Ra2+ 24. Kc1 Bxg2 25. Rxg2 dxe3 0-1

[Event "33rd Leon Blitz Open 2020"]
[Site "chess.com INT"]
[Date "2020.07.14"]
[Round "7"]
[White "Osmak, Iulija"]
[Black "Arencibia Monduy, Antonio"]
[Result "0-1"]
[WhiteTitle "IM"]
[BlackTitle "CM"]
[WhiteElo "2438"]
[BlackElo "2148"]
[WhiteFideId "14101602"]
[BlackFideId "3507939"]
[EventDate "2020.07.14"]
[EventType "blitz"]

1. Nc3 Nf6 2. Nf3 e6 3. e4 d5 4. e5 Nfd7 5. d4 c5 6. dxc5 Nc6 7. Bf4 Bxc5 8. Bd3
a6 9. a3 h6 10. Qd2 b5 11. h4 Bb7 12. Rh3 Qc7 13. Rg3 Kf8 14. Kf1 Ncxe5 15. Re1
Nxf3 16. Rxf3 e5 17. Bh2 Bd6 18. Bg6 Nf6 19. Rxf6 gxf6 20. Nxd5 Bxd5 21. Qxd5
Qc4+ 22. Qxc4 bxc4 23. Be4 Rb8 24. Rd1 Ke7 25. Rb1 Bxa3 26. b3 cxb3 27. cxb3 Rb4
28. f3 Rhb8 29. Bd5 Rd4 30. Be4 Rbd8 31. Bg3 Rd1+ 32. Rxd1 Rxd1+ 33. Ke2 Rg1 34.
f4 f5 35. Kf2 Bc5+ 0-1

[Event "33rd Leon Blitz Open 2020"]
[Site "chess.com INT"]
[Date "2020.07.14"]
[Round "7"]
[White "Sanal, Vahap"]
[Black "Demchenko, Anton"]
[Result "1-0"]
[WhiteTitle "GM"]
[BlackTitle "GM"]
[WhiteElo "2581"]
[BlackElo "2641"]
[WhiteFideId "6300545"]
[BlackFideId "4160258"]
[EventDate "2020.07.14"]
[EventType "blitz"]

1. e4 e5 2. Nf3 Nc6 3. Nc3 Nf6 4. d4 Bb4 5. Nxe5 O-O 6. Qd3 d5 7. Nxc6 bxc6 8.
e5 Ne4 9. Bd2 Bf5 10. Qe3 Rb8 11. Nxe4 Bxe4 12. c3 Be7 13. b3 f6 14. Bd3 Bxd3
15. Qxd3 fxe5 16. dxe5 Bc5 17. O-O Qh4 18. Be3 Bb6 19. Rae1 Rbe8 20. Bd4 c5 21.
Bxc5 c6 22. Bxf8 Rxf8 23. g3 Qh3 24. e6 Re8 25. c4 dxc4 26. Qxc4 Re7 27. Qxc6 h6
28. Qa8+ Kh7 29. Qe4+ Kg8 30. Re2 Qh5 31. Rc1 Re8 32. e7 Qg5 33. Rc8 Rxc8 34.
Qe6+ Kh7 35. Qxc8 1-0

[Event "33rd Leon Blitz Open 2020"]
[Site "chess.com INT"]
[Date "2020.07.14"]
[Round "7"]
[White "Mikhalevski, Victor"]
[Black "Salinas Herrera, Pablo"]
[Result "1/2-1/2"]
[WhiteTitle "GM"]
[BlackTitle "GM"]
[WhiteElo "2565"]
[BlackElo "2514"]
[WhiteFideId "2801914"]
[BlackFideId "3407128"]
[EventDate "2020.07.14"]
[EventType "blitz"]

1. d4 d5 2. c4 c6 3. cxd5 cxd5 4. Bg5 h6 5. Bh4 Nc6 6. Nc3 Bf5 7. e3 Qd7 8. Nf3
e6 9. Bd3 Bxd3 10. Qxd3 Bd6 11. Rc1 Nge7 12. Bxe7 Bxe7 13. O-O O-O 14. Na4 Rfc8
15. Nc5 Bxc5 16. Rxc5 b6 17. Rc3 Nb4 18. Qd2 Rxc3 19. Qxc3 a5 20. Ne5 Qb7 21. a3
Rc8 22. Qb3 Nc6 23. Nd3 Ne7 24. h4 Nf5 25. h5 Nd6 26. Ne5 Nc4 27. Rc1 Nxe5 28.
Rxc8+ Qxc8 29. dxe5 Qc7 30. f4 Qc5 31. Kf2 b5 32. Qd3 b4 33. axb4 Qxb4 34. Qc2
d4 35. Qc8+ Kh7 36. Qc2+ Kg8 37. Qc8+ Kh7 38. Qc2+ Kg8 1/2-1/2

[Event "33rd Leon Blitz Open 2020"]
[Site "chess.com INT"]
[Date "2020.07.14"]
[Round "7"]
[White "Savanovic, Aleksandar"]
[Black "Eswaran, Aksithi"]
[Result "0-1"]
[WhiteTitle "IM"]
[BlackTitle "WCM"]
[WhiteElo "2410"]
[BlackElo "1745"]
[WhiteFideId "914932"]
[BlackFideId "2083485"]
[EventDate "2020.07.14"]
[EventType "blitz"]

1. d4 d5 2. Bf4 Nf6 3. e3 e6 4. Nf3 c5 5. c3 Nc6 6. Nbd2 Bd6 7. Bg3 O-O 8. Bd3
Re8 9. Ne5 Bxe5 10. dxe5 Nd7 11. Nf3 Qc7 12. O-O a6 13. a4 b6 14. c4 Bb7 15.
cxd5 Ncxe5 16. Nxe5 Nxe5 17. Qh5 f5 18. dxe6 Rxe6 19. Qxf5 Qc6 20. f3 g6 0-1

[Event "33rd Leon Blitz Open 2020"]
[Site "chess.com INT"]
[Date "2020.07.14"]
[Round "7"]
[White "Gavilan Diaz, Mario"]
[Black "Sarkar, Justin"]
[Result "1-0"]
[WhiteTitle "FM"]
[BlackTitle "IM"]
[WhiteElo "2278"]
[BlackElo "2380"]
[WhiteFideId "2260905"]
[BlackFideId "2010011"]
[EventDate "2020.07.14"]
[EventType "blitz"]

1. d4 d5 2. c4 dxc4 3. e4 e5 4. Nf3 exd4 5. Bxc4 Bb4+ 6. Nbd2 Nc6 7. O-O Nf6 8.
e5 Nd5 9. Ne4 O-O 10. a3 Be7 11. b4 Bg4 12. Qb3 Bxf3 13. Bxd5 Be2 14. Re1 d3 15.
Bb2 Qc8 16. Ng3 a5 17. e6 axb4 18. exf7+ Kh8 19. Be6 Qd8 20. Nxe2 dxe2 21. Qg3
Bf6 22. Bxf6 Qxf6 23. Bd5 Rxa3 24. Rxa3 bxa3 25. Qxa3 Nd4 26. Qxf8# 1-0

[Event "33rd Leon Blitz Open 2020"]
[Site "chess.com INT"]
[Date "2020.07.14"]
[Round "7"]
[White "Bykhovsky, Anatoly"]
[Black "Postny, Evgeny"]
[Result "1-0"]
[WhiteTitle "GM"]
[BlackTitle "GM"]
[WhiteElo "2496"]
[BlackElo "2600"]
[WhiteFideId "2806991"]
[BlackFideId "2804344"]
[EventDate "2020.07.14"]
[EventType "blitz"]

1. Nf3 d5 2. g3 c6 3. Bg2 Bg4 4. O-O Nf6 5. d4 e6 6. Nbd2 Nbd7 7. Re1 Be7 8. e4
dxe4 9. Nxe4 Nxe4 10. Rxe4 Nf6 11. Re1 O-O 12. h3 Bh5 13. g4 Bg6 14. Ne5 Nd7 15.
Nxg6 hxg6 16. c3 Bg5 17. f4 Be7 18. Be3 Nf6 19. Qf3 Bd6 20. Rad1 Qc7 21. f5 gxf5
22. gxf5 exf5 23. Qxf5 Rae8 24. Bg5 Nh7 25. Bd2 g6 26. Qf3 Bg3 27. Rf1 Re6 28.
c4 Rfe8 29. Kh1 Rf6 30. Qd3 Bf2 31. d5 cxd5 32. Bxd5 Qd7 33. Kg2 Bc5 34. Rxf6
Nxf6 35. Qxg6+ 1-0

[Event "33rd Leon Blitz Open 2020"]
[Site "chess.com INT"]
[Date "2020.07.14"]
[Round "7"]
[White "Singgih, Diajeng Theresa"]
[Black "Gukesh, D"]
[Result "0-1"]
[WhiteTitle "WFM"]
[BlackTitle "GM"]
[WhiteElo "1972"]
[BlackElo "2563"]
[WhiteFideId "7104391"]
[BlackFideId "46616543"]
[EventDate "2020.07.14"]
[EventType "blitz"]

1. e4 c5 2. Nf3 Nc6 3. c3 Nf6 4. e5 Nd5 5. d4 cxd4 6. cxd4 e6 7. Nc3 Nxc3 8.
bxc3 d6 9. exd6 Bxd6 10. Bd3 O-O 11. Bxh7+ Kxh7 12. Ng5+ Kg6 13. h4 Kf6 14. d5
exd5 15. O-O Ke7 16. Re1+ Kd7 17. Qxd5 Kc7 18. g3 Qd7 19. Ne4 Re8 20. Rd1 Be5
21. Qb3 Qe6 22. Qa3 Qg4 23. Qa4 b5 24. Qc2 Bf5 25. Qd3 Bxe4 26. Qxb5 Qxd1+ 27.
Kh2 Qh1# 0-1

[Event "33rd Leon Blitz Open 2020"]
[Site "chess.com INT"]
[Date "2020.07.14"]
[Round "7"]
[White "Dhulipalla, Bala Chandra Prasad"]
[Black "Lopez Idarraga, Daniel Eduardo"]
[Result "0-1"]
[WhiteTitle "IM"]
[BlackTitle "FM"]
[WhiteElo "2441"]
[BlackElo "2009"]
[WhiteFideId "25005812"]
[BlackFideId "4405501"]
[EventDate "2020.07.14"]
[EventType "blitz"]

1. d4 d5 2. Bf4 Nf6 3. e3 e6 4. Nd2 c5 5. Ngf3 Bd6 6. dxc5 Bxc5 7. Bd3 O-O 8.
O-O Nc6 9. c4 a6 10. Rc1 Bd6 11. Bg5 Be7 12. a3 Bd7 13. Qe2 dxc4 14. Nxc4 b5 15.
Nce5 Nxe5 16. Nxe5 Rc8 17. Rcd1 Rc7 18. Bb1 Qc8 19. Bxf6 Bxf6 20. Qd3 Rd8 21.
Qxh7+ Kf8 22. Qh5 Be8 23. h3 Rxd1 24. Rxd1 g6 25. Qh6+ Kg8 26. Qf4 Rc1 27. Rxc1
Qxc1+ 28. Kh2 Bxe5 29. Qxe5 Qxb1 30. Qb8 Kf8 31. Qd6+ Kg7 32. Qe5+ Kf8 33. Qd6+
Kg7 34. Qe5+ f6 35. Qxe6 Bf7 36. Qb3 Bxb3 0-1

[Event "33rd Leon Blitz Open 2020"]
[Site "chess.com INT"]
[Date "2020.07.14"]
[Round "7"]
[White "Berkovich, Mark A"]
[Black "Diaz, Conrado"]
[Result "0-1"]
[WhiteTitle "IM"]
[WhiteElo "2326"]
[BlackElo "2273"]
[WhiteFideId "2801639"]
[BlackFideId "5207304"]
[EventDate "2020.07.14"]
[EventType "blitz"]

1. Nf3 Nf6 2. g3 d5 3. Bg2 Bf5 4. c4 c6 5. O-O e6 6. d3 dxc4 7. dxc4 Qxd1 8.
Rxd1 Na6 9. Nc3 Nb4 10. Nd4 O-O-O 11. Nxf5 Rxd1+ 12. Nxd1 exf5 13. Bf4 Nc2 14.
Rc1 Nd4 15. Kf1 Ne6 16. Be3 a6 17. h3 Bc5 18. Bxc5 Nxc5 19. Nc3 Rd8 20. Ke1 Kc7
21. b4 Ne6 22. e3 g6 23. Ke2 Nd7 24. Nd5+ cxd5 25. cxd5+ Kb6 26. dxe6 fxe6 27.
Rd1 Kc7 28. Rc1+ Kd6 29. Bxb7 Rb8 30. Rc6+ Ke7 31. Bxa6 Rxb4 32. Rc2 Nb6 33.
Rc7+ Kf6 34. Rxh7 Rb2+ 35. Kf3 Rxa2 36. Bb5 Nc8 37. Rd7 Rc2 38. g4 Ke5 39. gxf5
exf5 40. Rg7 Kf6 41. Rd7 Ke5 42. Rg7 Nd6 43. Be2 Kf6 44. Rd7 Nf7 0-1

[Event "33rd Leon Blitz Open 2020"]
[Site "chess.com INT"]
[Date "2020.07.14"]
[Round "7"]
[White "Skuhala, Barbara"]
[Black "Horak, Martin"]
[Result "1-0"]
[WhiteTitle "WFM"]
[BlackTitle "FM"]
[WhiteElo "2089"]
[BlackElo "2341"]
[WhiteFideId "14605465"]
[BlackFideId "367095"]
[EventDate "2020.07.14"]
[EventType "blitz"]

1. e4 c5 2. Nf3 e6 3. g3 Nf6 4. Nc3 Nc6 5. Bg2 Be7 6. O-O d5 7. exd5 Nxd5 8. d4
Nxc3 9. bxc3 O-O 10. Be3 Qa5 11. Qd2 Rd8 12. Rfd1 cxd4 13. cxd4 Qxd2 14. Rxd2
Bd7 15. Rb1 b6 16. Ne5 Nxe5 17. dxe5 Rac8 18. Rbd1 Ba4 19. Be4 Rxd2 20. Rxd2 h6
21. f4 Bb4 22. Rd1 Rc4 23. Bd3 Rc8 24. Kf2 Kf8 25. Be4 Ke7 26. Rd4 a5 27. a3
Bxc2 28. axb4 a4 29. Bxc2 Rxc2+ 30. Rd2 Rc3 31. Bxb6 a3 32. Bc5+ Ke8 33. Rd6 Rb3
34. Ra6 Rb2+ 35. Kf3 a2 36. h4 Kd7 37. g4 Kc7 38. Ke4 Kb7 39. Ra7+ Kc6 40. Bd4
Rxb4 41. Rxa2 Rb7 42. Rb2 Rd7 43. Ra2 Kb5 44. Ra7 Rxa7 45. Bxa7 Kc6 46. f5 Kb5
47. f6 g6 48. h5 g5 49. Be3 Kc4 50. Bxg5 hxg5 51. h6 1-0

[Event "33rd Leon Blitz Open 2020"]
[Site "chess.com INT"]
[Date "2020.07.14"]
[Round "7"]
[White "Harsha, Bharathakoti"]
[Black "Tang, Andrew"]
[Result "0-1"]
[WhiteTitle "GM"]
[BlackTitle "GM"]
[WhiteElo "2509"]
[BlackElo "2538"]
[WhiteFideId "5078776"]
[BlackFideId "2059630"]
[EventDate "2020.07.14"]
[EventType "blitz"]

1. d4 d5 2. c4 e6 3. Nf3 Nf6 4. Nc3 Be7 5. g3 O-O 6. Bg2 dxc4 7. Ne5 Qd6 8. O-O
Qa6 9. a4 c6 10. Bg5 h6 11. Bxf6 gxf6 12. Nf3 Rd8 13. Qc1 Kg7 14. Rd1 Nd7 15. a5
b5 16. axb6 Qxb6 17. e3 Rb8 18. Na4 Qb4 19. Nd2 Ba6 20. Nc3 Bb7 21. Rxa7 Ra8 22.
Rxa8 Rxa8 23. Qc2 Nb6 24. Rb1 Nd5 25. Nd1 Ba6 26. h4 Bb5 27. b3 cxb3 28. Rxb3
Ba4 29. Rxb4 Bxc2 30. Bxd5 Bxb4 0-1

[Event "33rd Leon Blitz Open 2020"]
[Site "chess.com INT"]
[Date "2020.07.14"]
[Round "7"]
[White "Budrewicz, Krzysztof"]
[Black "Rottenwohrer Suarez, Juan"]
[Result "1-0"]
[BlackTitle "CM"]
[WhiteElo "2227"]
[BlackElo "2197"]
[WhiteFideId "1127950"]
[BlackFideId "32068182"]
[EventDate "2020.07.14"]
[EventType "blitz"]

1. d4 Nf6 2. c4 e6 3. Nf3 Bb4+ 4. Nbd2 O-O 5. g3 c5 6. a3 Bxd2+ 7. Qxd2 cxd4 8.
Nxd4 d5 9. cxd5 Qxd5 10. Nf3 b6 11. Qxd5 Nxd5 12. Bg2 Bb7 13. O-O Nc6 14. b4
Rac8 15. Bb2 Rfd8 16. Rac1 f6 17. Bh3 Kf7 18. Rfd1 g5 19. e4 Nde7 20. e5 Nxe5
21. Nxe5+ fxe5 22. Bxe5 Rxd1+ 23. Rxd1 Nd5 24. Bg2 Rc2 25. Be4 Ra2 26. Bxh7 Rxa3
27. b5 a6 28. bxa6 Bxa6 29. Be4 Bc4 30. h4 gxh4 31. gxh4 b5 32. h5 Rh3 33. Bg6+
Ke7 34. Kg2 Rh4 35. Kg3 Be2 36. Rxd5 Rg4+ 37. Kh3 exd5 38. f4 Rg1 39. Kh2 Rg4
40. Kh3 Rxg6 41. hxg6 b4 42. f5 Bd3 43. Kg4 b3 44. Kg5 Kf8 45. f6 Be4 46. f7 Bd3
47. Bd6+ 1-0

[Event "33rd Leon Blitz Open 2020"]
[Site "chess.com INT"]
[Date "2020.07.14"]
[Round "7"]
[White "Nguyen, Hong Anh"]
[Black "Safin, Robert"]
[Result "0-1"]
[WhiteTitle "WIM"]
[BlackTitle "FM"]
[WhiteElo "1970"]
[BlackElo "2287"]
[WhiteFideId "12406732"]
[BlackFideId "34189120"]
[EventDate "2020.07.14"]
[EventType "blitz"]

1. d4 Nf6 2. c4 g6 3. Nf3 Bg7 4. g3 O-O 5. Bg2 d6 6. O-O Nc6 7. d5 Na5 8. Nfd2
c5 9. Nc3 a6 10. Qc2 Rb8 11. b3 b5 12. Bb2 Bd7 13. Nd1 Qc7 14. e4 bxc4 15. bxc4
Rxb2 16. Nxb2 Rb8 17. Rab1 Ng4 18. Nd3 Rxb1 19. Rxb1 Bd4 20. Nb3 Nxb3 21. axb3
a5 22. h3 Ne5 23. Nc1 Qc8 24. Kh2 Bxh3 25. Bxh3 Nf3+ 26. Kg2 Ne1+ 27. Kh2 Nxc2
28. Bxc8 Na3 29. Kg2 Nxb1 30. Ne2 Nd2 31. f3 Nxb3 32. Bd7 Nd2 33. Nxd4 cxd4 34.
Bb5 Nb1 35. Kf2 Nc3 36. Ke1 a4 37. Kd2 a3 38. Kc2 a2 39. Kb2 d3 40. c5 d2 0-1

[Event "33rd Leon Blitz Open 2020"]
[Site "chess.com INT"]
[Date "2020.07.14"]
[Round "7"]
[White "Bagrationi, Dmitry"]
[Black "Reprintsev, Alexander"]
[Result "0-1"]
[WhiteTitle "FM"]
[BlackTitle "IM"]
[WhiteElo "2316"]
[BlackElo "2353"]
[WhiteFideId "14105047"]
[BlackFideId "14100541"]
[EventDate "2020.07.14"]
[EventType "blitz"]

1. e4 d5 2. exd5 Qxd5 3. Nc3 Qa5 4. Nf3 Nf6 5. Bc4 Nc6 6. O-O Bg4 7. h3 Bh5 8.
g4 Bg6 9. d4 O-O-O 10. Be3 e5 11. d5 Bb4 12. dxc6 Rxd1 13. cxb7+ Kxb7 14. Rfxd1
Bxc2 15. Rd2 Bxc3 16. Rxc2 Bd4 17. Nxd4 exd4 18. Bxd4 Rd8 19. Be3 Nd5 20. Bxd5+
Qxd5 21. Rd2 Qxd2 22. Bxd2 Rxd2 23. Rb1 c5 24. Kg2 Kc6 25. Kf3 Rd3+ 26. Kg2 a5
27. b3 Kb5 28. a3 g6 29. h4 f5 30. g5 Rd4 31. Kg3 Rg4+ 32. Kh3 Rd4 33. f3 Rd3
34. Kg3 Kc6 35. h5 gxh5 36. Kf4 Kd5 37. b4 axb4 38. axb4 c4 39. Rh1 c3 40. Rc1
Kc4 41. Kxf5 Rxf3+ 42. Ke6 Kxb4 43. Rh1 c2 0-1

[Event "33rd Leon Blitz Open 2020"]
[Site "chess.com INT"]
[Date "2020.07.14"]
[Round "7"]
[White "Hoffmann, Asa"]
[Black "Wagh, Suyog"]
[Result "0-1"]
[WhiteTitle "FM"]
[BlackTitle "FM"]
[WhiteElo "2185"]
[BlackElo "2246"]
[WhiteFideId "2001470"]
[BlackFideId "25071688"]
[EventDate "2020.07.14"]
[EventType "blitz"]

1. d4 d5 2. Bg5 f6 3. Bf4 c5 4. e3 Nc6 5. Nf3 e6 6. c3 Bd6 7. Bg3 Nge7 8. Bd3
O-O 9. Nbd2 e5 10. dxc5 Bxc5 11. e4 Be6 12. Qc2 h6 13. O-O Rc8 14. Rad1 Qe8 15.
exd5 Nxd5 16. Bh7+ Kh8 17. Nh4 Nce7 18. Ne4 f5 19. Nxc5 Rxc5 20. Bxe5 Kxh7 21.
Rfe1 Qf7 22. Bd4 Rcc8 23. Nf3 Nc6 24. Bc5 Rfe8 25. Qd2 Nf6 26. Qf4 Ne4 27. Ba3
Bxa2 28. h4 Bb3 29. Rd3 Rcd8 30. Rde3 Qg6 31. g3 Bd5 32. Kh2 Nf6 33. Rxe8 Rxe8
34. Rxe8 Nxe8 35. Nd4 Nxd4 36. Qxd4 Qe6 37. Qxa7 Qe4 0-1

[Event "33rd Leon Blitz Open 2020"]
[Site "chess.com INT"]
[Date "2020.07.14"]
[Round "7"]
[White "Thipsay, Praveen M"]
[Black "Elgersma, Onno"]
[Result "1/2-1/2"]
[WhiteTitle "GM"]
[BlackTitle "FM"]
[WhiteElo "2376"]
[BlackElo "2298"]
[WhiteFideId "5000033"]
[BlackFideId "1053531"]
[EventDate "2020.07.14"]
[EventType "blitz"]

1. e4 c6 2. d4 d5 3. Nc3 dxe4 4. Nxe4 Nf6 5. Nxf6+ exf6 6. Nf3 Bd6 7. Be2 O-O 8.
O-O Bg4 9. h3 Bh5 10. Nh4 Bg6 11. Nxg6 hxg6 12. Bc4 Nd7 13. Qg4 Kh7 14. c3 f5
15. Qf3 Nf6 16. Bg5 Qc7 17. Bxf6 gxf6 18. h4 Kg7 19. Rfe1 Rae8 20. h5 a5 21.
hxg6 fxg6 22. Re2 Rxe2 23. Qxe2 Bh2+ 24. Kf1 Bd6 25. Re1 Rh8 26. g3 Rh1+ 27. Kg2
Rxe1 28. Qxe1 Qe7 29. Qxe7+ Bxe7 30. f4 Bd6 31. Be6 Bc7 32. Kf3 g5 33. Bxf5 gxf4
34. gxf4 Kf7 35. Bc8 b6 36. Bb7 c5 37. dxc5 bxc5 38. Ke4 Ke6 39. f5+ Kd6 40. a4
Bb6 41. Bd5 Bd8 42. Bf7 Be7 43. Kd3 Bf8 44. Kc4 Kc6 45. Be8+ Kb6 46. Kd5 Bh6 47.
Ke6 Bg5 48. Bb5 Bh4 49. Kf7 Bg5 50. Ke6 Bh4 51. Kd5 Bg5 52. Kc4 Bc1 53. b4 cxb4
54. cxb4 axb4 55. Kxb4 Bd2+ 56. Kc4 Ka5 57. Kd5 Bc3 58. Ke6 Ba1 59. Kf7 1/2-1/2

[Event "33rd Leon Blitz Open 2020"]
[Site "chess.com INT"]
[Date "2020.07.14"]
[Round "7"]
[White "Manninen, Marko"]
[Black "Christensen, Thomas2"]
[Result "0-1"]
[WhiteTitle "IM"]
[BlackTitle "CM"]
[WhiteElo "2377"]
[BlackElo "2143"]
[WhiteFideId "500690"]
[BlackFideId "1407635"]
[EventDate "2020.07.14"]
[EventType "blitz"]

1. d4 Nc6 2. Nf3 d6 3. g3 g6 4. Bg2 Bg7 5. d5 Ne5 6. Nxe5 Bxe5 7. Nd2 Bg7 8. O-O
e5 9. dxe6 fxe6 10. e4 Ne7 11. f4 O-O 12. Kh1 Nc6 13. c3 e5 14. Nf3 Kh8 15. Be3
Bg4 16. Qd2 Qe7 17. h3 Bd7 18. f5 gxf5 19. exf5 Bxf5 20. Nh4 Be6 21. Bg5 Qd7 22.
Kh2 Rxf1 23. Rxf1 Rf8 24. Rxf8+ Bxf8 25. Bf6+ Bg7 26. Qg5 Qf7 27. Bxg7+ Qxg7 28.
Qxg7+ Kxg7 29. Bxc6 bxc6 30. a3 Kf6 31. g4 e4 32. Kg3 Ke5 33. Ng2 c5 34. h4 d5
35. g5 d4 36. h5 e3 37. Nf4 Bf7 38. g6 hxg6 39. hxg6 Bg8 40. g7 Ke4 41. Nh5 Kd3
42. Nf6 Bf7 0-1